=LDR 00000nam 2200000 4500 =001 INLIS000000000005387 =005 20130612093631 =008 ***********************************Ind** =035 ##$$0010-061300000005387 =041 ##$$a Ind =082 ##$$a 633.17 =090 ##$$a 633.17, Dul h =100 ##$$a DULJAFAR, Khaerudin =245 ##$$a Hermada, Budidaya dan prospek bisnis, Khaerudin Duljafar. -- =650 ##$$a 2000 $b Jakarta =710 ##$$a viii, 48 hlm, ilus, 21 cm =850 ##$$a Sargum